Responses for show #6124 - Thursday, April 7, 2011

Christopher Short game 5.

Contestants

Helen Hostetter, a homemaker from Jamaica Plain, Massachusetts

Mickey McLaurin, a research and grants administrator from Oxford, Mississippi

Christopher Short, a pub trivia editor from Crawfordsville, Indiana (whose 4-day cash winnings total $65,999)

Jeopardy! Round responses

THE GALAPAGOS ENVIRONMENT
(Alex: You'll join Kelly and me in that part of the world.)
DISNEY FILM BY CHARACTER
(Alex: You have to identify the film.)
HIGHWAYS & BYWAYS
TV ALPHABET
(Alex: We'll give you some famous initials. You identify the entity for us.)
WATERFALLS
"AZ" I WAS SAYING
    $200 24
wind power

Helen
    $200 2
Aladdin

Helen
    $200 19
Massachusetts

Christopher
    $200 12
Turner Network Television

Christopher
    $200 11
Vancouver

Christopher
    $200 1
Alcatraz

Helen
    $400 25
(Helen: What's algae?)

plankton

ChristopherHelen
    $400 3
Peter Pan

Mickey
    $400 20
the Pan-American Highway

Triple Stumper
    $400 13
Columbia Broadcasting System

Christopher
    $400 17
Yosemite

Christopher
    $400 7
Aztec

Christopher
    $600 26
(Helen: What are sea turtles?)
...
(Alex: Talking about [*]. [*] fin soup.)

sharks

Helen
Triple Stumper
    $600 4
Monsters, Inc.

Christopher
    $600 21
the Santa Fe Trail

Mickey
    $600 14
United Paramount Network

Mickey
    $600 18
(Helen: What is Kauai?)

Hawaii

ChristopherHelen
    $600 8
Boaz

Christopher
    $800 27
symbiosis

Christopher
    $800 5
Pinocchio

Christopher
    $800 22
the Appian Way

Helen
    $800 15
Video Hits 1

Christopher
    $1,000 29
the Pyrenees

Christopher
    $800 9
Topaz

Mickey
    $1000 28
(Mickey: What is indigenous?)

endemic

ChristopherMickey
    $1000 6
(Christopher: What is Cinderella?)

Dumbo

ChristopherMickey
    $1000 23
the Embarcadero

Triple Stumper
    $1000 16
(Christopher: Uh, what is...)

Entertainment and Sports Programming Network

ChristopherMickey
    $1000 30
South Africa

Helen
    $1000 10
(Christopher: What is Kazakhstan?)

Azerbaijan

ChristopherHelen

Scores at the first commercial break (after clue 16):

Christopher Mickey Helen
$1,000 $3,800 $1,400

Scores at the end of the Jeopardy! Round:

Christopher Mickey Helen
$5,400 $3,400 $1,800

Double Jeopardy! Round responses

MATERIALS
BRITISH MONARCHS
"S"HOES
THAT'S GOTTA HURT!
THE NEW YORK TIMES OP-ED
KNOCK U OUT
(Alex: Each response will be two words--exactly the same, except one will be missing the letter "U".)
    $400 1
leather

Helen
    $400 8
Elizabeth I

Mickey
    $400 16
Stetson

Mickey
    $400 21
the foot

Helen
    $400 26
Bob Dole

Helen
    $400 3
pound & pond

Mickey
    $800 2
clay

Christopher
    $800 9
(Mickey: Who is Mary, Queen of Scotts?)

Queen Anne

Mickey
Triple Stumper
    $800 17
sling

Helen
    $800 22
(Mickey: What is the coccyx?)

the tailbone

MickeyHelen
    $800 27
microlending (or microfinance)

Christopher
    $800 4
spout & spot

Christopher
    $1200 13
parchment

Helen
    $1200 10
Edward

Mickey
    $1200 18
Sperry

Mickey
    $1200 23
the shoulder

Christopher
    $1200 28
the NEA (National Endowment for the Arts)

Mickey
    $1200 5
founder & fonder

Christopher
    $1600 14
laminate

Christopher
    $1600 11
Victoria

Mickey
    $1600 19
slides

Triple Stumper
    $1600 24
(Alex: Yes, with less than a minute to go.)

the pancreas

Christopher
    $1600 6
louse & lose

Mickey
    $2,000 15
(Christopher: What is acetate?)

wire

Christopher
    $2000 12
(Christopher: Who is George?)
...
(Alex: He was in his 60s.)

William

Christopher
Triple Stumper
    $2000 20
Skechers

Christopher
    $2000 25
the liver

Christopher
    $2000 29
[The end-of-round signal sounds.]

Golda Meir

Helen
    $2,000 7
clout & clot

Mickey

Scores at the end of the Double Jeopardy! Round:

Christopher Mickey Helen
$13,400 $11,800 $7,800

[wagering suggestions for these scores]

Final Jeopardy! Round responses

LITERARY QUOTATIONS
HelenWhat is meaning?
$7,798
MickeyWhat is Love?
$10,202
ChristopherWhat is love?
$11,000
poetry

Final scores:

Christopher Mickey Helen
$2,400 $1,598 $2
5-day champion: $68,399 2nd place: $2,000 3rd place: $1,000

Game dynamics:

Coryat scores:

Christopher Mickey Helen
$15,200 $11,800 $7,800
24 R
(including 1 DD),
5 W
(including 1 DD)
15 R
(including 1 DD),
3 W
13 R,
3 W

Combined Coryat: $34,800

The J! Archive is created by fans, for fans. The Jeopardy! game show and all elements thereof, including but not limited to copyright and trademark thereto, are the property of Jeopardy Productions, Inc. and are protected under law. This website is not affiliated with, sponsored by, or operated by Jeopardy Productions, Inc. Join the discussion at JBoard.tv.